Groupe de six : pronoms - Statistiques

Statistiques générales
  • Ce quiz a été pris 200 fois
  • Le résultat moyen est 18 sur 20
Statistiques - réponses
Je Mon Ma Mes Moi % Correct
Il Son Sa Ses Lui
99%
Tu Ton Ta Tes Toi
99%
Ils Leur Leur Leurs Eux
98%
Nous Notre Notre Nos Nous
98%
Vous Votre Votre Vos Vous
98%
Ton Je
95%
Ta
93%
Tes
92%
Leur Moi
89%
Son Mon
89%
Ses
88%
Toi
88%
Sa
87%
Votre Mes
82%
Leurs
80%
Notre Ma
79%
Nos
78%
Vos
78%
Eux
76%
Lui
73%
Aucun quiz correspondant
Distribution des résultats
% des personnes avec chaque résultat
Percentile par nombre de réponses
Votre historique - résultats
Vous n’avez pas pris ce quiz